Language Quiz

Random Language or Spanish Quiz

Spanish: Yo Irregulars Quiz Stats

 Plays Quiz Updated Dec 26, 2018

Support Sporcle.
Go Orange.
Score 0/13 Timer 02:00
1 Play Today
Infinitive Irregular Yo Form % Correct
TenerTengo
94.5%
EstarEstoy
92.7%
IrVoy
92.1%
SerSoy
90.9%
PonerPongo
89.8%
HacerHago
87.8%
SalirSalgo
87%
ConocerConozco
81.7%
DarDoy
81.3%
Saber
79.6%
TraerTraigo
78%
OírOigo
72.9%
VerVeo
71.8%

From the Vault

Scrabble Worst Capitals

by Flick

To get anywhere with these capitals, you'll have to hit a triple word square.
Remove Ads.
Support Sporcle.
Get the best of Sporcle when you Go Orange. This ad-free experience offers more features, more stats, and more fun while also helping to support Sporcle. Thank you for becoming a member.

Show Comments

Extras

Top Quizzes Today


Score Distribution

Your Account Isn't Verified!

In order to create a playlist on Sporcle, you need to verify the email address you used during registration. Go to your Sporcle Settings to finish the process.

Report this User

Report this user for behavior that violates our Community Guidelines.

Details: